Préfectures de France : Tulle - Statistiques

Statistiques générales
  • Ce quiz a été pris 30 fois
  • Le résultat moyen est 11 sur 27
Statistiques - réponses
Question Réponse % Correct
De quel département est-ce la préfecture ? Corrèze
100%
Quel numéro porte celui-ci ? 19
96%
La ville appartient à l'académie de Limoges
84%
A quelle région administrative appartient la ville depuis 2015 ? Nouvelle Aquitaine
80%
Comment se nomment ses habitants ? Tullistes
72%
Quelles sont les sous-préfectures qui en dépendent ? Brive-la-Gaillarde
68%
A quelle région administrative appartenait-elle auparavant ? Limousin
64%
Les journaux locaux sont La {Montagne}
60%
Les communes limitrophes sont Naves
60%
Quelles sont les sous-préfectures qui en dépendent ? Ussel
60%
La couleur de fond de son blason est le/l' bleu
56%
Les communes limitrophes sont Laguenne
44%
La couleur de fond de son blason est le/l' rouge
44%
La ville appartient au diocèse de/d' Tulle
44%
Fabrications locales Armes
20%
La ville est surnommée la ville aux {sept collines}
20%
Les journaux locaux sont Le {populaire} du Centre
20%
Les communes limitrophes sont Chanac-les-Mines
16%
Les communes limitrophes sont Gimel-les-Cascades
16%
Les communes limitrophes sont Sainte-Fortunade
12%
Ville européenne jumelée avec la ville (2 possible) Schorndorf | Errenteria | Bury | Lousada | Smolensk | Dueville
12%
Fabrications locales Accordéon
8%
Les communes limitrophes sont Chameyrat
8%
La cathédrale est dédiée à Notre-Dame | Vierge
8%
La principale gare a été mise en service en 1860
0%
La ville est l'ancienne capitale du {Bas-Limousin}
0%
Fabrications locales Dentelles
0%
Aucun quiz correspondant
Distribution des résultats
% des personnes avec chaque résultat
Percentile par nombre de réponses
Votre historique - résultats
Vous n’avez pas pris ce quiz